000 00301nam a2200133Ia 4500
100 _aPadaria/ I.M.
942 _cBK
654 _aelectromagnectic fields
245 _aPrinciples of Electromagnetic Fields
260 _bTechnova
_c1997
082 _a530.141
_bPAD
546 _aENGLISH
999 _c23808
_d23808